Empat puluh hadis penawar hati
| Main Author: | |
|---|---|
| Format: | Book |
| Published: |
Kedah :
Khazanah Banjariyah ,
1992
|
| Subjects: |
MARC
| LEADER | 00000cam a2200000 7i4500 | ||
|---|---|---|---|
| 001 | 0000004488 | ||
| 005 | 20201126093000.0 | ||
| 008 | 021118s1992 | ||
| 090 | 0 | 0 | |a BP135.A2 |b A3622 |
| 100 | 0 | |a Ahmad Fahmi Zamzam , |e author | |
| 245 | 0 | 0 | |a Empat puluh hadis penawar hati |c susunan Abu Ali Banjari An-Nadwi (Ahmad Fahmi Zamzam) |
| 260 | |a Kedah : |b Khazanah Banjariyah , |c 1992 | ||
| 300 | |a 114 ms. ; |c 21 sm. | ||
| 650 | 0 | |a Hadith |x Collections | |
| 999 | |a 1000010524 |b Book |c OPEN SHELF (30 DAYS) |e Gong Badak Campus | ||